Legal aspects of architecture, engineering and the construction process / (Record no. 532563)

000 -LEADER
fixed length control field 01206cam a22003734a 4500
001 - CONTROL NUMBER
control field 15372863
003 - CONTROL NUMBER IDENTIFIER
control field NUST
005 - DATE AND TIME OF LATEST TRANSACTION
control field 20191125155121.0
008 - FIXED-LENGTH DATA ELEMENTS--GENERAL INFORMATION
fixed length control field 080718s2009 ctua b 001 0 eng c
010 ## - LIBRARY OF CONGRESS CONTROL NUMBER
LC control number 2008933517
020 ## - INTERNATIONAL STANDARD BOOK NUMBER
International Standard Book Number 9780495411215 (hbk.)
020 ## - INTERNATIONAL STANDARD BOOK NUMBER
International Standard Book Number 0495411213 (hbk.)
035 ## - SYSTEM CONTROL NUMBER
System control number (OCoLC)ocn297174536
038 ## - RECORD CONTENT LICENSOR
Staff Name MSOHAIL
040 ## - CATALOGING SOURCE
Original cataloging agency GLL
Transcribing agency GLL
Modifying agency WAU
-- DLC
042 ## - AUTHENTICATION CODE
Authentication code pcc
043 ## - GEOGRAPHIC AREA CODE
Geographic area code n-us---
050 00 - LIBRARY OF CONGRESS CALL NUMBER
Classification number KF902
Item number .S93 2009
082 ## - DEWEY DECIMAL CLASSIFICATION NUMBER
Classification number 0
100 1# - MAIN ENTRY--PERSONAL NAME
Personal name Sweet, Justin.
9 (RLIN) 26147
245 10 - TITLE STATEMENT
Title Legal aspects of architecture, engineering and the construction process /
Statement of responsibility, etc. Justin Sweet,
250 ## - EDITION STATEMENT
Edition statement 7th ed.
260 ## - PUBLICATION, DISTRIBUTION, ETC.
Place of publication, distribution, etc. Stamford, Conn. :
Name of publisher, distributor, etc. Cengage Learning,
Date of publication, distribution, etc. c2004.
300 ## - PHYSICAL DESCRIPTION
Extent xxvii,v.p, [279] p. :
Other physical details ill. ;
Dimensions 25 cm.
504 ## - BIBLIOGRAPHY, ETC. NOTE
Bibliography, etc. note Includes bibliographical references and indexes.
650 #0 - SUBJECT ADDED ENTRY--TOPICAL TERM
Topical term or geographic name entry element Construction contracts
Geographic subdivision United States.
9 (RLIN) 1127
650 #0 - SUBJECT ADDED ENTRY--TOPICAL TERM
Topical term or geographic name entry element Architectural contracts
Geographic subdivision United States.
9 (RLIN) 26148
650 #0 - SUBJECT ADDED ENTRY--TOPICAL TERM
Topical term or geographic name entry element Engineering contracts
Geographic subdivision United States.
9 (RLIN) 24625
700 1# - ADDED ENTRY--PERSONAL NAME
Personal name Schneier, Marc M.,
Dates associated with a name 1955-
9 (RLIN) 26149
906 ## - LOCAL DATA ELEMENT F, LDF (RLIN)
a 7
b cbc
c pccadap
d 2
e epcn
f 20
g y-gencatlg
942 ## - ADDED ENTRY ELEMENTS (KOHA)
Source of classification or shelving scheme
Koha item type Book
Holdings
Withdrawn status Lost status Source of classification or shelving scheme Damaged status Not for loan Permanent Location Current Location Date acquired Total Checkouts Barcode Date last seen Price effective from Koha item type
          School of Civil and Environmental Engineering (SCEE) School of Civil and Environmental Engineering (SCEE) 11/25/2019   NIT-12427 11/25/2019 11/25/2019 Book
© 2023 Central Library, National University of Sciences and Technology. All Rights Reserved.